|
|
|
|
| LEADER |
00000nab a2200000 a 4500 |
| 001 |
vtls000095180 |
| 003 |
SK-MaSNL |
| 005 |
20260304213134.0 |
| 008 |
250423c1981 xo 0 slo |
| 015 |
|
|
|a SNBRB19rr/mm-uuuuu
|
| 035 |
|
|
|a CL0105283
|
| 035 |
|
|
|a urn:nbn:sk:snk-abba7e
|
| 035 |
|
|
|a (urnnbn)urn:nbn:sk:snk:ar-001301
|
| 035 |
|
|
|a (uuid)3d042c0f-b023-41c2-a6b8-dbcec0a4d0cf
|
| 040 |
|
|
|a SNKBUCL
|b slo
|c SNKBUCL
|e AACR2
|
| 041 |
0 |
|
|a slo
|
| 044 |
|
|
|a xo
|c SK
|
| 080 |
|
|
|a 025.22
|2 1981
|
| 080 |
|
|
|a 027.52(437.6)
|2 1981
|
| 100 |
1 |
|
|a Knihárová, Aldona
|4 aut
|9 1014602
|
| 245 |
1 |
0 |
|a Centralizovaný systém doplňovania knižných fondov v okrese
|c Aldona Knihárová
|
| 650 |
0 |
7 |
|a ľudové knižnice
|2 snkbucl
|9 256791
|
| 650 |
0 |
7 |
|a knižničné fondy
|2 snkbucl
|9 1300
|
| 655 |
|
7 |
|a články z novín a časopisov
|2 snkbucl
|9 267496
|
| 655 |
|
7 |
|a články z odboru knihovníctvo
|2 snkbucl
|9 166141
|
| 773 |
0 |
|
|t Čitateľ
|g Roč. 30, č. 10 (1981), s. 346-349
|
| 850 |
|
|
|a Slovenská národná knižnica
|
| 852 |
|
|
|a Slovenská národná knižnica
|
| 954 |
|
|
|a odborná, vedecká literatúra pôvodná (slovenská)
|2 lita
|
| 958 |
|
|
|a article15
|
| 958 |
|
|
|a RK
|
| 958 |
|
|
|a KL
|
| 958 |
|
|
|a OND
|
| 958 |
|
|
|a EUIPO
|
| 992 |
|
|
|a RBX
|
| 999 |
|
|
|c 3134615
|d 3136545
|